| Tag |
First Indicator |
Second Indicator |
Subfields |
| LEADER |
00000cam a2200000 4500 |
| 001 |
in00000059448 |
| 005 |
20151007082439.0 |
| 008 |
731003s1967 txua b 10000 eng |
| 010 |
|
|
|a 66015705
|
| 035 |
|
|
|a (OCoLC)00494130
|
| 035 |
|
|
|9 AAF7887AM
|
| 040 |
|
|
|a DLC
|c DLC
|d TXA
|d UtOrBLW
|
| 049 |
|
|
|a TXAM
|c [472453]
|
| 050 |
0 |
0 |
|a HB99.5
|b .T47
|
| 082 |
0 |
|
|a 330.15/5
|
| 090 |
|
|
|a HB99.5
|b .T47 1967
|
| 092 |
|
|
|a 330.155
|b T469i
|
| 100 |
1 |
|
|a Thompson, Carey C.
|
| 245 |
1 |
0 |
|a Institutional adjustment ;
|b a challenge to a changing economy.
|
| 264 |
|
1 |
|a Austin :
|b University of Texas Press,
|c [1967]
|
| 300 |
|
|
|a viii, 184 pages :
|b illustrations ;
|c 24 cm.
|
| 336 |
|
|
|a text
|b txt
|2 rdacontent
|
| 337 |
|
|
|a unmediated
|b n
|2 rdamedia
|
| 338 |
|
|
|a volume
|b nc
|2 rdacarrier
|
| 500 |
|
|
|a "Papers read at a symposium sponsored by the Department of Economics of the University of Texas."
|
| 504 |
|
|
|a Bibliographical footnotes.
|
| 650 |
|
0 |
|a Institutional economics.
|
| 710 |
2 |
|
|a University of Texas.
|b Department of Economics.
|
| 999 |
|
|
|a MARS
|
| 999 |
f |
f |
|s 116f93a1-9b0e-31d8-9cd3-cc1a414893bb
|i 539a8b43-62d6-3376-bf33-f8692801257c
|t 0
|
| 952 |
f |
f |
|p ric
|a Texas A&M University
|b Rellis Campus
|c Joint Library Facility
|d Remote Storage
|t 0
|e HB99.5 .T47 1967
|h Library of Congress classification
|i unmediated -- volume
|m A14800694513
|
| 998 |
f |
f |
|a HB99.5 .T47 1967
|t 0
|l Remote Storage
|